Papua New Guinea : business and street directory.
| Format: | Book |
|---|---|
| Published: |
[S.l]:
Nationwide Business Directories,
2011.
|
| Edition: | 14th ed. |
| Subjects: |
| LEADER | 00474cam a2200145 7i4500 | ||
|---|---|---|---|
| 001 | 0000026840 | ||
| 005 | 20110825090000.0 | ||
| 090 | 0 | 0 | |a PAPN338.7025 |b PAP |
| 245 | 0 | 0 | |a Papua New Guinea : |b business and street directory. |
| 250 | 0 | 0 | |a 14th ed. |
| 260 | 0 | 0 | |a [S.l]: |b Nationwide Business Directories, |c 2011. |
| 300 | # | # | |a 495p.. |
| 650 | 0 | 0 | |a Business -- |x Directories -- |z Papua New Guinea |
| 651 | 0 | 0 | |a Papua New Guinea |
| 999 | |a 0000029239 |b Directories |c Countries |e Business Information Centre | ||